| 000 | 00664nam a2200193 i 4500 | ||
|---|---|---|---|
| 001 | 92540 | ||
| 003 | ES-MaACL | ||
| 005 | 20230906181008.0 | ||
| 007 | t| | ||
| 008 | 050310s1979 sp ||||1| spa d | ||
| 100 | 1 |
_aLión Valderrábano, Raúl. _972488 |
|
| 245 | 1 | 3 |
_aLa caballería en la historia militar / _cRaúl Lión Valderrábano, Juan Silvela y Milans del Bosch. |
| 260 |
_aValladolid : _bAcademia de Caballería, _c1979. |
||
| 300 |
_a246 p. : _bil. ; _c27 cm. |
||
| 650 | 4 |
_aCaballería- _zEspaña. _9167578 |
|
| 700 | 1 |
_aSilvela y Milans del Bosch, Juan. _9106429 |
|
| 710 | 2 |
_aAcademia de Caballería (Valladolid) _91163 |
|
| 852 |
_aES-MaACL _jA-10821 |
||
| 999 |
_c92540 _d92540 |
||